| 000 | 00565nam a22001697a 4500 | ||
|---|---|---|---|
| 003 | MACL | ||
| 005 | 20160726151351.0 | ||
| 008 | 160726b xxu||||| |||| 00| 0 eng d | ||
| 040 | _cMACL | ||
| 041 | _aHindi | ||
| 082 | _a800 BHA | ||
| 100 |
_aवाजपेई, प्रकाश _965387 |
||
| 245 |
_aउन्होंने मुझे रचा _cप्रकाश वाजपेई |
||
| 260 |
_aकोलकाता _bप्रतिश्रुति प्रकाशन _c2013 |
||
| 650 |
_aरचनावली _9163 |
||
| 942 |
_2ddc _cHIN |
||
| 999 |
_c55032 _d55032 |
||